000 00931pam a2200265 a 4500
001 1087591
005 20180313044919.0
008 920527s1993 nyu b 001 0 eng
010 _a 92019055
020 _a0875461913 (alk. paper)
020 _a0875461921 (pbk. : alk. paper)
040 _aDLC
_cDLC
_dDLC
041 _aeng
043 _an-us---
080 _a331.0973
082 0 0 _a331.0973 KAU
_220
100 1 _a20
101 _aSHP
245 1 4 _aThe origins & evolution of the field of industrial relations in the United States /
_cBruce E. Kaufman.
504 _aIncludes bibliographical references (p. 253-279) and index.
740 0 _aOrigins and evolution of the field of industrial relations in the United States.
906 _a7
_bcbc
_corignew
_d1
_eocip
_f19
_gy-gencatlg
942 _2ddc
_cBK
999 _c44816
_d44816